| 000 | 00487cam a22001217a 4500 | ||
|---|---|---|---|
| 008 | 180718b-- xxu||||| |||| 00| 0 eng d | ||
| 082 | _aL906x5414 E | ||
| 245 |
_aEpitome of CAG's reports, Orissa _cby Office of the Comptroller and Auditor General of India, Orissa |
||
| 260 |
_aBhubaneswar _bOffice of the Comptroller and Auditor General _c-- |
||
| 500 | _aLibrary has 2002/03 | ||
| 650 | _aAuditing - India - Orissa | ||
| 700 | _aOrissa. Office of the Comptroller and Auditor General of India | ||
| 999 |
_c488076 _d488076 |
||